| 000 | 01184nam a22003497a 4500 | ||
|---|---|---|---|
| 001 | 0004115 | ||
| 003 | KOHA_MİRAKIL | ||
| 005 | 20260207001400.0 | ||
| 007 | ta | ||
| 008 | 090416b1999 tu |||gr||||#0|||1|tur | | ||
| 020 | _a9750800303 | ||
| 040 |
_aTR-BiSEU _btur _cTR-BiSEU _erda |
||
| 041 | 0 | _atur | |
| 044 | _ctu | ||
| 050 |
_aPL248.A580 _bE43 1999 |
||
| 245 | 0 |
_aEski Kıbrıs şiiri antolojisi (MÖ 9. yy.-MS 18. yy.) : _bKozmopolit bir adada ulusçuluk-öncesi şiirin 2700 yılı/ _cÇeviren Mehmet Yaşın. |
|
| 264 | 1 |
_aİstanbul : _bYapı Kredi Yayınları _c1999 |
|
| 300 | _a270 sayfa | ||
| 336 |
_ametin _btxt _2rdacontent |
||
| 337 |
_aaracısız _bn _2rdamedia |
||
| 338 |
_acilt _bnc _2rdacarrier |
||
| 490 | 1 |
_aYapı Kredi Yayınları - Şiir ; _v112. |
|
| 650 | 0 |
_aTürk şiiri--Kıbrıs. _97535 |
|
| 650 | 0 |
_aYunan şiiri--Kıbrıs. _910065 |
|
| 650 | 0 |
_aYunan şiiri--Türkçe'ye çeviriler. _910066 |
|
| 650 | 0 |
_aTurkish poetry--Cyprus. _97532 |
|
| 650 | 0 |
_aGreek poetry--Cyprus. _910067 |
|
| 650 | 0 |
_aGreek poetry--Translations into Turkish. _910068 |
|
| 830 | 1 |
_aYapı Kredi Yayınları - Şiir ; _v112. _99605 |
|
| 907 | _aAntoloji | ||
| 942 |
_2lcc _cBK |
||
| 999 |
_c4098 _d4098 |
||